000 00206nam a22000857a 4500
008 170131b xxu||||| |||| 00| 0 eng d
100 _92686
_aNCERT
245 _aChemistry-Part-1
260 _aNew delhi
_bNCERT
_c2009
999 _c5847
_d5847